Nitracanis Agrokomplex Nitra, 4. - 5. november 2006

Podrobná bibliografia
Hlavný autor: Šuster, Jozef (Autor)
Médium: Článok
Jazyk:slovenčina
Fyzický popis:Fotogr.
ISSN:1335-9282
Predmet:
On-line prístup:www.dogsk.sk

MARC

LEADER 00000nab a2200000 a 4500
001 vtls008953044
003 SK-MaSNL
005 20260303071207.0
008 070307c200701 xo r p 000 00slo
015 |a SNBRB2007/03SVKPO 
038 |a SVKPOCL 
040 |a SVKPOCL  |b slo  |c AACR2  |e AACR2 
041 |a slo 
044 |a xo  |c SK 
080 |a 636.7:061.43  |2 2001 
100 1 |a Šuster, Jozef  |4 aut  |9 968078 
245 1 0 |a Nitracanis  |b Agrokomplex Nitra, 4. - 5. november 2006  |c Jozef Šuster 
300 |a Fotogr. 
611 2 7 |a Nitracanis  |d (2006 :  |c Nitra, Slovensko)  |2 svkpocl  |9 1069583 
650 0 7 |a psy  |x výstavy  |2 svkpocl  |9 1031971 
651 7 |a Nitra (Slovensko)  |2 svkpocl  |9 15714 
773 0 |t Kynologická revue  |g Roč. XVIII, č.1 (2007), s. 36-37  |x 1335-9282 
852 |a SVKPO  |b KIS3GCP 
856 4 1 |u www.dogsk.sk 
999 |c 1758760  |d 1760690